EROİNLE DANS (Record no. 684167)

MARC details
000 -LEADER
sabit uzunluktaki kontrol alanı 00228nam a2200097Ia 4500
001 - KONTROL NUMARASI
kontrol alanı 684167
005 - EN SON İŞLEMİN TARİH VE ZAMANI
kontrol alanı 20250826161452.0
008 - SABİT-UZUNLUKTA VERİ ÖĞELERİ--GENEL BİLGİ
sabit uzunluktaki kontrol alanı 250824s9999 xx 000 0 und d
245 #0 - ESER / YAZAR
ESER ADI EROİNLE DANS
Yazar Adı CANAN TAN
260 ## - YAYIN, DAĞITIM, VB.
YAYIN EVİ ALTIN KİTAP
Holdings
Düşüm durumu Kayıp durumu Hasar Durumu Ödünç verilmez Ana kütüphane Geçerli Kütüphane Edinilen tarih Toplam ödünç verme sayısı Barkod Son görüntüleme tarihi Son ödünç verme tarihi Fiyatın geçerli olmaya başladığı tarih Koha materyal türü
        SELAHADDİN EYYUBİ ANADOLU LİSESİ SELAHADDİN EYYUBİ ANADOLU LİSESİ 24.08.2025 2 102260 24.02.2026 23.12.2025 26.08.2025 Books